<?xml version="1.0" encoding="UTF-8"?>
<resp>
  <nextPage>https://data.bn.org.pl/api/networks/bibs.marcxml?marc=001+b00001150001262&amp;sinceId=1150001263</nextPage>
  <collection>
    <record xmlns='http://www.loc.gov/MARC21/slim'><leader>01432namZa2200421ZiZ4500</leader><controlfield tag='001'>b00001150001262</controlfield><controlfield tag='005'>20241203214515.0</controlfield><controlfield tag='008'>230609s        pl           |000 0 pol c</controlfield><controlfield tag='009'>9913261491405606</controlfield><datafield ind1=' ' ind2=' ' tag='020'><subfield code='a'>8324112103</subfield></datafield><datafield ind1=' ' ind2=' ' tag='035'><subfield code='a'>KR_1KR_1_20120317225953021286-48omnis_kr</subfield></datafield><datafield ind1=' ' ind2=' ' tag='035'><subfield code='a'>KR_1_20120317225953021286</subfield><subfield code='9'>ExL</subfield></datafield><datafield ind1=' ' ind2=' ' tag='035'><subfield code='a'>(PL)b00001150001262</subfield></datafield><datafield ind1=' ' ind2=' ' tag='040'><subfield code='a'>KR_1</subfield><subfield code='c'>KR_1</subfield></datafield><datafield ind1='1' ind2=' ' tag='041'><subfield code='a'>pol</subfield><subfield code='h'>eng</subfield></datafield><datafield ind1='1' ind2=' ' tag='100'><subfield code='a'>Gardner, Lisa</subfield></datafield><datafield ind1='1' ind2='0' tag='245'><subfield code='a'>Klub Ocalonych/</subfield><subfield code='c'>Lisa Gardner ; przekł. Jan Hensel.</subfield></datafield><datafield ind1=' ' ind2=' ' tag='260'><subfield code='a'>W-wa :</subfield><subfield code='b'>&quot;Amber&quot;,</subfield><subfield code='c'>2003.</subfield></datafield><datafield ind1=' ' ind2=' ' tag='300'><subfield code='a'>350 s. ;</subfield><subfield code='c'>21 cm.</subfield></datafield><datafield ind1='1' ind2=' ' tag='490'><subfield code='a'>Sensacja</subfield></datafield><datafield ind1=' ' ind2=' ' tag='500'><subfield code='a'>p</subfield></datafield><datafield ind1=' ' ind2='9' tag='650'><subfield code='a'>Powieść amerykańska</subfield><subfield code='y'>20 w.</subfield></datafield><datafield ind1='1' ind2=' ' tag='700'><subfield code='a'>Hensel, Jan</subfield><subfield code='e'>Tłum.</subfield></datafield><datafield ind1=' ' ind2=' ' tag='852'><subfield code='8'>22795733260008210</subfield><subfield code='j'>1</subfield><subfield code='b'>F09</subfield><subfield code='p'>10122883</subfield><subfield code='c'>UBYTKI_F09</subfield></datafield><datafield ind1=' ' ind2=' ' tag='852'><subfield code='8'>22795733300008210</subfield><subfield code='j'>1</subfield><subfield code='b'>F20</subfield><subfield code='p'>10116192</subfield><subfield code='c'>UBYTKI_F20</subfield></datafield><datafield ind1=' ' ind2=' ' tag='852'><subfield code='8'>22795733340008210</subfield><subfield code='j'>1</subfield><subfield code='b'>F14</subfield><subfield code='p'>10620165</subfield><subfield code='c'>UBYTKI_F14</subfield></datafield><datafield ind1=' ' ind2=' ' tag='852'><subfield code='8'>22795733320008210</subfield><subfield code='j'>1</subfield><subfield code='b'>C</subfield><subfield code='p'>10438863</subfield><subfield code='c'>UBYTKI_C</subfield></datafield><datafield ind1=' ' ind2=' ' tag='852'><subfield code='8'>22795733380008210</subfield><subfield code='j'>1</subfield><subfield code='b'>F16</subfield><subfield code='p'>10356621</subfield><subfield code='c'>UBYTKI_F16</subfield></datafield><datafield ind1=' ' ind2=' ' tag='852'><subfield code='8'>22795733360008210</subfield><subfield code='j'>1</subfield><subfield code='b'>F01</subfield><subfield code='p'>10514268</subfield><subfield code='c'>UBYTKI_F01</subfield></datafield><datafield ind1=' ' ind2=' ' tag='852'><subfield code='8'>22795733280008210</subfield><subfield code='j'>1</subfield><subfield code='b'>F08</subfield><subfield code='p'>10116160</subfield><subfield code='c'>UBYTKI_F08</subfield></datafield><datafield ind1=' ' ind2=' ' tag='852'><subfield code='b'>48OMNIS_TL</subfield><subfield code='8'>991000104339608218</subfield></datafield><datafield ind1=' ' ind2=' ' tag='852'><subfield code='b'>48OMNIS_KR</subfield><subfield code='8'>991000012619708216</subfield></datafield><datafield ind1=' ' ind2=' ' tag='852'><subfield code='b'>48OMNIS_MBPG</subfield><subfield code='8'>991002429509708210</subfield></datafield><datafield ind1=' ' ind2=' ' tag='852'><subfield code='b'>48OMNIS_NETWORK</subfield><subfield code='8'>9913261491405606</subfield></datafield><datafield ind1=' ' ind2=' ' tag='920'><subfield code='a'>83-241-1210-3</subfield></datafield></record>
  </collection>
</resp>
